00742nmc a2200253 a 4500003000900000005001700009008004100026020001800067040001300085100001700098245006100115250001200176260003500188300001100223490002600234500003600260650003300296650002500329650002200354650002600376650002600402653003100428800002900459AR-BaBNM20251128205144.0011101s1994 ||||||||||||||000 | spa|| a950-21-0920-1 cAR-BaBNM1 aSolves, Hebe10aTaller literariobuna alternativa de aprendizaje creador a2ª ed. aBuenos AiresbPlus Ultrac19940 a124 p. 0aComunicaciónvv. 160 aContiene índice en p. 125-127 4aTALLERES [METODO PEDAGOGICO] 4aMETODOS DE ENSENANZA 4aDINAMICA DE GRUPO 4aCOMPOSICION LITERARIA 4aTECNICAS DE ENSENANZA 0aENSENANZA DE LA LITERATURA1 aLacau, María Hortensia